000 00871nam a2200229Ii 4500
003 JO-AjNU
008 230605s9999||||xx |||||||||||||| ||und||
017 _a2003/4720
020 _a977-5902-72X
040 _aJO-AjNU
_bara
_erda
_cJO-AjNU
041 _aara
050 1 4 _aHF 5415 .6.A2642.2003
100 3 _aابو علفة،عصام الدين امين,
_eauthor
_934230
245 0 0 _aاتجاهات تسويقية معاصرة:التسويق الدولي:تسويق متقدم، الجزء الرابع
250 _aط1
264 3 1 _aالاسكندرية:مؤسسة حورس الدولية للنشر والتوزيع؛2003
300 _aج4، 253ص
_bيحتوي على ببلوغرافية من ص251-253ص
336 _atext
_btxt
_2rdacontent
337 _aunmediated
_bn
_2rdamedia
338 _avolume
_bnc
_2rdacarrier
650 4 _aالتسويق
_934231
999 _aA14010
_c17578
_d17578